The Nigerian journal of parasitology: official journal of the Nigerian Society for Parasitology. (Record no. 38721)

MARC details
000 -LEADER
fixed length control field 00663nam a2200169Ia 4500
022 ## - INTERNATIONAL STANDARD SERIAL NUMBER
ISSN 11174145
050 ## - CALL MARK
Classification number QR 251 .N54/
245 #4 - TITLE STATEMENT
Title The Nigerian journal of parasitology: official journal of the Nigerian Society for Parasitology.
260 ## - PUBLICATION, DISTRIBUTION, ETC. (IMPRINT)
Place of publication Abeokuta
260 ## - PUBLICATION, DISTRIBUTION, ETC. (IMPRINT)
Name of publisher External Affairs Directorate for Staff of Total Upstream Companies in Nigeria
260 ## - PUBLICATION, DISTRIBUTION, ETC. (IMPRINT)
Year of publication 2015
300 ## - PHYSICAL DESCRIPTION
Number of Pages 62 p. :ill. ; 29 cm.
650 ## - SUBJECT ADDED ENTRY--TOPICAL TERM
Topical Term Medical parasitology--Nigeria--Periodicals. Parasitology--Nigeria--Periodicals. Parasitic Diseases--epidemiology--Nigeria. Parasitology--Nigeria.
942 ## - ADDED ENTRY ELEMENTS (KOHA)
Koha item type Serials

No items available.